Ciencia de la lógica (Registro nro. 311844)

Detalles MARC
000 -ENCABEZADO
Número de control [NR] 00774 a2200241 4500
005 - FECHA Y HORA DE LA ÚLTIMA TRANSACCIÓN
control field 20190523074827.0
008 - DE LONGITUD FIJA DE DATOS DE ELEMENTOS - INFORMACIÓN GENERAL
Elementos de longitud fija [NR] 190523s2011 sp ||||| |||| 00| 0 spa d
020 ## - NUMERO INTERNACIONAL NORMALIZADO PARA LIBROS [R]
Número Internacional Normalizado del libro [NR] 9788415289012
040 ## - FUENTE DE CATALOGACION [NR]
Agencia de catalogación original [NR] CO-BoUCM
Idioma de catalogación [NR] spa
Quien Cataloga Saul Niño
Quien Clasifica Saul Niño
041 1# - CODIGO DE IDIOMA [R]
Código de idioma para texto/pista de sonido o título separado [R] Español
-- Alemán
100 10 - ASIENTO PRINCIPAL--NOMBRE PERSONAL [NR]
Nombre personal [NR] Hegel, Georg Wilhelm Friedrich
ID Autoridad 1874
245 10 - MENCION DE TITULO [NR]
Título [NR] Ciencia de la lógica
Mención de responsabilidad, etc. [NR] Wilhelm Friederich Hegel, Georg
260 ## - PUBLICACION, DISTRIBUCION, ETC. (PIE DE IMPRENTA) [R]
Lugar de publicación, distribución, etc. [R] Madrid
Nombre del editor, distribuidor, etc. [R] ABADA
Fecha de publicación, distribución, etc. [R] 2011
300 ## - DESCRIPCION FISICA [R]
Extensión [R] 654 páginas
490 0# - MENCION DE SERIE [R]
Mención de serie [R] Filosofía
600 1# - ASIENTO SECUNDARIO DE MATERIA - NOMBRE PERSONAL [R]
Nombre personal [NR] Hegel, Georg Wilhelm Friedrich
Fechas asociadas con el nombre [NR] 1770-1831
9 (RLIN) 36083
650 #7 - ASIENTO SECUNDARIO DE MATERIA - TERMINO TEMATICO [R]
9 (RLIN) 18789
Término temático o nombre geográfico como elemento de entrada [NR] Lógica
650 #7 - ASIENTO SECUNDARIO DE MATERIA - TERMINO TEMATICO [R]
9 (RLIN) 7622
Término temático o nombre geográfico como elemento de entrada [NR] Filosofía alemana
650 #7 - ASIENTO SECUNDARIO DE MATERIA - TERMINO TEMATICO [R]
9 (RLIN) 75
Término temático o nombre geográfico como elemento de entrada [NR] Filosofía
700 10 - ASIENTO SECUNDARIO - NOMBRE PERSONAL [R]
Nombre personal [NR] Duque, Félix
Término de relación [R] editor
9 (RLIN) 91530
942 ## - ELEMENTOS DE ENTRADA AGREGADOS (KOHA)
Tipo de ítem principal el descrito en 300a Libro
Sistema de clasificación DEWEY
Tema principal Filosofía
Edición 1
Clasificación 160
Parte restante de la signatura top. H462c
Existencias
Fecha de último préstamo Total préstamos Signatura topográfica Código de barras Última vez visto Ejemplar Costo de reposición Price effective from Tipo de ítem Perdido Sistema de clasificación Dañado No prestable Tipo de ítem específico Suprimido Ubicación habitual Ubicación actual Localización Fecha de creación Proveedor Forma de adquisición Costo
21/11/2025 3 160 H462c 100159965 05/12/2025 Ej.1 119900.00 09/05/2019 Libro   DEWEY     Libro   Claustro Claustro 2do piso 09/05/2019 37 Compra 119900.00